Hedgeové fondy bez regulácie
Vysoko rizikové investičné fondy "hedge funds". Nebezpečenstvo hedgeových fondov pre finančné trhy.
Salvato in:
| Autore principale: | |
|---|---|
| Natura: | Capitolo di libro |
| Lingua: | slovacco |
| Soggetti: | |
| Tags: |
Nessun Tag, puoi essere il primo ad aggiungerne!!
|
MARC
| LEADER | 00000naa a2200000 4500 | ||
|---|---|---|---|
| 001 | r014824 | ||
| 005 | 20221213113356.4 | ||
| 041 | 0 | |a slo | |
| 044 | |a SK | ||
| 245 | 1 | 0 | |a Hedgeové fondy bez regulácie |c D. Drahotský |
| 520 | |a Vysoko rizikové investičné fondy "hedge funds". Nebezpečenstvo hedgeových fondov pre finančné trhy. | ||
| 610 | 2 | 0 | |a fondy investičné |
| 610 | 2 | 0 | |a trh finančný |
| 610 | 2 | 0 | |a trh kapitálový medzinárodný |
| 610 | 2 | 0 | |a trh peňažný medzinárodný |
| 100 | 1 | |a Drahotský, D. | |